000 00792nam a22002537a 4500
003 PE SENCICO BE
005 20251020182635.0
008 230413b |||||||| |||| 00| 0 eng d
020 _a978-8365-0831-5
040 _aPE SENCICO BE
_cPE SENCICO BE
041 _aspa
_aita
082 _a728.314
_bE9
110 1 _9905
_aEvergreen
245 1 _aNuevos apartamentos pequeños = nuovi piccoli appartamenti = novos apartamentos pequeños /
_cEvergreen
250 _a[1a ed.]
260 _aKoln :
_bEvergreen,
_c2008
300 _a201 p. :
_bil. col., lams.,
_c21 cm.
650 1 4 _9198
_aApartamentos
650 2 4 _944
_aDiseño de interiores
650 2 4 _9199
_aDistribución de espacios (viviendas)
650 2 4 _9906
_aHabitaciones juveniles
910 _bhfp
_chfp
942 _2ddc
_cLIB
999 _c4099
_d4099